El Consejo del Presbiterio y el de Pastoral (Record no. 139618)

MARC details
000 -LEADER
campo de control de longitud fija 00643nam a2200193 4500
001 - NÚMERO DE CONTROL
campo de control 139618
003 - IDENTIFICADOR DE NÚMERO DE CONTROL
campo de control ES-MaACL
005 - FECHA Y HORA DE LA ÚLTIMA TRANSACCIÓN
campo de control 20230906195844.0
007 - CAMPO FIJO DE DESCRIPCIÓN FÍSICA--INFORMACIÓN GENERAL
campo de control de longitud fija t|
008 - DATOS DE LONGITUD FIJA--INFORMACIÓN GENERAL
campo de control de longitud fija 070214s1971 sp r ||||1| spa d
100 1# - ENTRADA PRINCIPAL--NOMBRE DE PERSONA
Nombre de persona Schenk, Juan Eduardo.
9 (RLIN) 104303
245 13 - MENCIÓN DEL TÍTULO
Título El Consejo del Presbiterio y el de Pastoral
Resto del título : (Las relaciones humanas en la Iglesia) /
Mención de responsabilidad, etc. por Juan Eduardo Schenk.
260 ## - PUBLICACIÓN, DISTRIBUCIÓN, ETC.
Lugar de publicación, distribución, etc. Valencia :
Nombre del editor, distribuidor, etc. Comercial Ed. de Publicaciones,
Fecha de publicación, distribución, etc. 1971.
300 ## - DESCRIPCIÓN FÍSICA
Extensión 189 p. ;
Dimensiones 21 cm.
490 1# - MENCIÓN DE SERIE
Mención de serie Cuadernos de pastoral ;
Designación de volumen o secuencia 43
830 0# - PUNTO DE ACCESO ADICIONAL DE SERIE-TÍTULO UNIFORME
Título uniforme Cuadernos de pastoral ;
Designación de volumen o secuencia 43
9 (RLIN) 187018
852 ## - LOCALIZACIÓN
Ubicación ES-MaACL
Número de control de estantería C-48275
Sublocalización o colección R.78280
Holdings
Estatus retirado Estado de pérdida Estado de daño No para préstamo Biblioteca de origen Biblioteca actual Ubicación en estantería Fecha de adquisición Fuente de adquisición Total de préstamos Signatura topográfica completa Código de barras Visto por última vez Precio de reemplazo Tipo de ítem Koha
        Biblioteca del Ateneo de Madrid Biblioteca del Ateneo de Madrid Depósito 2 17/01/2008     C-48275 1145293 23/02/2023 23/02/2023 Libro impreso